[Event "Goch op 04th"]
[Site "Goch"]
[Date "1993.??.??"]
[Round "1"]
[White "Buecker, G."]
[Black "Lenz, Juergen"]
[Result "0-1"]
[WhiteElo "1775"]
[BlackElo "2305"]
[PlyCount "120"]
[EventDate "1993.10.??"]
[EventType "swiss"]
[EventRounds "7"]
[EventCountry "GER"]
[SourceTitle "EXT 1998"]
[Source "ChessBase"]
[SourceDate "1997.11.17"]
[SourceVersion "1"]
[SourceVersionDate "1997.11.17"]
[SourceQuality "1"]

1. Nf3 Nf6 2. d4 d6 3. c4 c6 4. Nc3 Bf5 5. g3 h6 6. Bg2 Nbd7 7. 0-0 e5 8. dxe5 dxe5 9. a3 a5 10. Re1 Qc7 11. e4 Bh7 12. Qc2 Be7 13. Be3 0-0 14. h3 Rfd8 15. Rad1 Nc5 16. Bxc5 Bxc5 17. Re2 Rxd1+ 18. Qxd1 Rd8 19. Qc2 Ne8 20. Na4 Bd4 21. c5 Qe7 22. b4 axb4 23. axb4 Nc7 24. Nb6 Ne6 25. Nd2 Bxc5 26. bxc5 Nd4 27. Qc4 Nxe2+ 28. Qxe2 Qxc5 29. Ndc4 f6 30. Bf3 Kh8 31. Kg2 Bg8 32. Qc2 Bxc4 33. Nxc4 b5 34. Ne3 Qxc2 35. Nxc2 Rd2 36. Ne3 b4 37. Bd1 Kg8 38. Kf1 Kf8 39. Ke1 Rd4 40. f3 Rd3 41. Ke2 Ra3 42. Nc4 Ra2+ 43. Kd3 Ke7 44. Bb3 Rg2 45. g4 Rg3 46. Ke3 Rxh3 47. Nb2 g6 48. Nd3 h5 49. gxh5 gxh5 50. Nxb4 Kd6 51. Ba4 Rh1 52. Bxc6 Rb1 53. Nd5 Kxc6 54. Nxf6 h4 55. Kf2 Rb2+ 56. Kg1 Kc5 57. Nd5 Kd4 58. Kf1 h3 59. Kg1 Rg2+ 60. Kh1 Rf2 0-1